Výpočet rozdelenia celkových škôd pomocou diskrétnej Fourierovej transformácie
Diskrétna Fourierova transformácia a jej využitie na určenie rozdelenia celkových škôd v individuálnom modeli rizika. V príspevku je popísaný spôsob výpočtu konvolúcie - rýchla konvolúcia.
Na minha lista:
| Autor principal: | |
|---|---|
| Formato: | Capítulo de Livro |
| Idioma: | eslovaco |
| Assuntos: | |
| Tags: |
Sem tags, seja o primeiro a adicionar uma tag!
|
MARC
| LEADER | 00000naa$a2200000$$$4500 | ||
|---|---|---|---|
| 001 | 0019287 | ||
| 005 | 20220606120126.9 | ||
| 041 | 0 | |a slo | |
| 044 | |a SK | ||
| 245 | 1 | 0 | |a Výpočet rozdelenia celkových škôd pomocou diskrétnej Fourierovej transformácie |c Galina Horáková |
| 520 | |a Diskrétna Fourierova transformácia a jej využitie na určenie rozdelenia celkových škôd v individuálnom modeli rizika. V príspevku je popísaný spôsob výpočtu konvolúcie - rýchla konvolúcia. | ||
| 610 | 2 | 0 | |a matematika poistná |
| 610 | 2 | 0 | |a štatistika poistná |
| 610 | 2 | 0 | |a definície |
| 100 | 1 | |a Horáková, Galina | |